| 000 | 00482nam a22001697a 4500 | ||
|---|---|---|---|
| 003 | OSt | ||
| 005 | 20260202083902.0 | ||
| 008 | 260202b |||||||| |||| 00| 0 eng d | ||
| 020 | _a978-0-316-05642-7 | ||
| 040 |
_aDWCL-Main Lib _cOC |
||
| 082 | _aFic. M16 2008 | ||
| 100 | _aMeyer, Stephenie | ||
| 245 | _aThe host : a novel | ||
| 260 |
_aNew York : _bBack Bay / Little, Brown and company : Hachette Book Group, _cc2008 |
||
| 300 |
_a809 p. ; _c21 cm. |
||
| 942 |
_2ddc _cFIC. _mFic. _n0 |
||
| 999 |
_c8141 _d8141 |
||